000 00624nam a2200217Ia 4500
003 OSt
005 20220928132844.0
006 a|||||r|||| 00| 0
007 ta
008 220927b |||||||| |||| 00| 0 eng d
024 _a37883
037 _cTextual
040 _aSDCL
_cSDCL
_beng
041 _2eng
_aeng
082 _aX9(L:5)p1,N98, N9.2
100 _aGarber Alan M Ed.
_9483232
245 0 _aFrontiers in health policy Research 2
260 _aCambridge
_bNational Bureau of Economic Research
_c1999
942 _hX9(L:5)p1,N98, N9.2
_cTEXL
_2CC
999 _c796133
_d796133